Countries Explained - Statistics

General Stats
  • This quiz has been taken 62 times
  • The average score is 8 of 12
Answer Stats
Hints Answer % Correct
Biggest country by area Russia
98%
Smallest Country In The World Vatican City
98%
Biggest country by population China
96%
Second Biggest country by area Canada
94%
The Most Visited Country In The World France
71%
The Happiest Country in the world Finland
67%
The Biggest Island Country (not Greenland) Indonesia
60%
The Richest Country Per Capita Qatar
50%
The Safest Country in the world Switzerland
46%
The Country With The Shortest Name Chad
42%
The Country That Drinks The Most Tea Turkey
27%
The Most Unhappy Country In the world South Sudan
17%
No matching quizzes found
Score Distribution
Percent of People with Each Score
Percentile by Number Answered
Your Score History
You have not taken this quiz